Alfabetización científica y tecnológica : acerca de las finalidades de la enseñanza de las ciencias /

Guardado en:
Autor Principal: Fourez, Gérard
Formato: Libro
Publicado: Buenos Aires : Colihue, 1994
Series:Colección Nuevos Caminos
Materias:
Etiquetas: Agregar Etiqueta
Sin Etiquetas, Sea el primero en etiquetar este registro!
LEADER 01703nam a22002535a 4500
001 CEM.cems009900
005 20080702120023.0
008 130507s1994##################000#0#####d
003 CEMS
020 |a 9505816375 
082 0 4 |a 372.85 
100 1 |a Fourez, Gérard 
245 1 0 |a Alfabetización científica y tecnológica :  |b acerca de las finalidades de la enseñanza de las ciencias /  |c Gérard Fourez 
260 |a Buenos Aires :  |b Colihue,  |c 1994 
300 |a 252 p. 
490 0 |a Colección Nuevos Caminos 
500 |a Red Federal de Formación Docente Continua 
505 0 |a Alfabetizar científica y técnicamente -- Alfabetización científica o tecnológica? -- Objetivos operacionales para la A.C.T. e islotes de racionalidad -- Las ciencias se deben enseñar por disciplinas? -- Un modelo para un trabajo interdisciplinario -- Una enseñanza tecnológica en el secundario general? -- La iniciación científica en las tradiciones de la enseñanza técnica -- Hacia una nueva cultura frente a las técnicas -- La ambigua historia de las ciencias en la enseñanza -- Percibir la dimensión ideológica de la enseñanza de las ciencias -- Propuestas para un manifiesto -- El bagaje del alfabetizado científico -- Programas de ciencias: cantidad y calidad? -- Criterios para evaluar la articulación entre ciencias, tecnologías y sociedad -- Aproximaciones científicas y tecnológicas: sus diferencias 
653 |a Educación 
653 |a Didáctica de las ciencias 
653 |a Alfabetización científica 
653 |a Alfabetización tecnológica 
859 |a CEMS  |b BIB. CEMS - 11 de abril  |h 372.85  |i F826  |p 20148.98  |t Ej.1 
859 |a CEMS  |b BIB. CEMS - 11 de abril  |h 372.85  |i F826  |p 20149.98  |t Ej.2